000 00401nam a2200181Ia 4500
008 210210b1947 xxu||||| |||| 00| 0 eng d
041 _aeng
082 _a731/2
100 _aBENOIT-LEVY
245 _aPenguin film review
260 _aLondon
_bPenguin Books
_c1947
650 _areview
650 _aPenguin
650 _afilm
690 _aPhotography
700 _aothers
906 _a011015
999 _c139088
_d139088